000 00627nam a22002417a 4500
003 UA-OsUOA
001 88522
007 ta
008 20121008b un ||||| |||| 00| 0 ukr d
100 _aАдамович А.
700 _aГранин Д.
090 _a821.161.1
_bА28
942 _cBK
040 _aUA-OsUOA
_brus
_cUA-OsUOA
_dUA-OsUOA
245 _aБлокадная книга
300 _a432 с.
955 _a3
041 _arus
080 _a821.161.1
260 _aМ.
_bСов. писатель
_c1983
650 7 _a82 Література. Літературознавство
_2UDC
999 _c374387
_d374387